Magsaysay of the Philippines.
Enregistré dans:
| Auteur principal: | |
|---|---|
| Format: | Livre |
| Langue: | Undetermined |
| Publié: |
Manila
Ramon Magsaysay Memorial Society
1964
|
| Sujets: | |
| Tags: |
Ajouter un tag
Pas de tags, Soyez le premier à ajouter un tag!
|
| Thư viện lưu trữ: | Trung tâm Học liệu Trường Đại học Cần Thơ |
|---|
| LEADER | 00519nam a2200193Ia 4500 | ||
|---|---|---|---|
| 001 | CTU_90509 | ||
| 008 | 210402s9999 xx 000 0 und d | ||
| 082 | |a 923.1914 | ||
| 082 | |b Q8 | ||
| 100 | |a Carlos Quirino | ||
| 245 | 0 | |a Magsaysay of the Philippines. | |
| 245 | 0 | |c Carlos Quirino | |
| 260 | |a Manila | ||
| 260 | |b Ramon Magsaysay Memorial Society | ||
| 260 | |c 1964 | ||
| 650 | |a Ramon Magsaysay | ||
| 650 | |x president,biography | ||
| 904 | |i Năm | ||
| 980 | |a Trung tâm Học liệu Trường Đại học Cần Thơ | ||